| 000 | 01169cab a2200253 4500 | ||
|---|---|---|---|
| 001 | ABS56871 | ||
| 008 | 090401t1997 xxu||||| |||| 00| 0 eng d | ||
| 035 | _a(Sirsi) u78127 | ||
| 041 | _aeng | ||
| 245 | _aCork v Cork | ||
| 260 | _c1997 | ||
| 350 | _a0 | ||
| 490 |
_aEstates Gazette _v[1997] 16 EG 130-134(4) |
||
| 520 | _aChD 22 August 1996. Joint tenancy of agricultural holding. Defendant (D) ceased working on or residing at the holding and family agreed not to deal with the arrangements of D`s beneficial interest in the tenancy. A notice to quit was served by the landlord, requiring possession on Lady Day 1998. Plaintiff (P) issued proceedings ordering D to join in serving of a counternotice, undertaking that if it was found that D shouldn`t have joined the service of the counternotice that P would surrender the tenancy. Application allowed. | ||
| 650 | _aAGRICULTURAL HOLDINGS ACT 1986 | ||
| 650 | _aAGRICULTURAL TENANCY | ||
| 650 | _aCORK V CORK | ||
| 650 | _aCOUNTER NOTICE | ||
| 650 | _aJOINT TENANCY | ||
| 650 | _aNOTICE TO QUIT | ||
| 690 | _aLANDLORD AND TENANT-CASE LAW-AGRICULTURAL TENANCIES | ||
| 942 | _n0 | ||
| 948 | _c01/05/1997 | ||
| 999 |
_c49160 _d49160 |
||